Thermodynamics of structure (Record no. 14356)

000 -LEADER
fixed length control field 00581nam a22002297a 4500
001 - CONTROL NUMBER
control field 14356
003 - CONTROL NUMBER IDENTIFIER
control field BD-DhUET
008 - FIXED-LENGTH DATA ELEMENTS--GENERAL INFORMATION
fixed length control field 150308b xxu||||| |||| 00| 0 eng d
040 ## - CATALOGING SOURCE
Original cataloging agency DLC
Transcribing agency DLC
Modifying agency BD-DhUET
082 ## - DEWEY DECIMAL CLASSIFICATION NUMBER
Classification number 536
Item number BRO/1964
100 ## - MAIN ENTRY--PERSONAL NAME
Personal name Brophy, Jere H.
245 ## - TITLE STATEMENT
Title Thermodynamics of structure
250 ## - EDITION STATEMENT
Edition statement 1st ed.
260 ## - PUBLICATION, DISTRIBUTION, ETC. (IMPRINT)
Place of publication, distribution, etc. New Delhi
Name of publisher, distributor, etc. Wiley Eastern
Date of publication, distribution, etc. 1966
300 ## - PHYSICAL DESCRIPTION
Extent x, 216 p.
Other physical details illus.
500 ## - GENERAL NOTE
General note Volume II
504 ## - BIBLIOGRAPHY, ETC. NOTE
Bibliography, etc Includes bibliographies
650 #0 - SUBJECT ADDED ENTRY--TOPICAL TERM
Topical term or geographic name as entry element Thermodynamics : Physics
700 ## - ADDED ENTRY--PERSONAL NAME
Personal name Rose, Robert M.
700 ## - ADDED ENTRY--PERSONAL NAME
Personal name Wulff, John
942 ## - ADDED ENTRY ELEMENTS (KOHA)
Koha item type General Book
Holdings
Sublocation or collection (holding branch) Koha normalized classification for sorting Shelving location Copy number Lost status Date acquired Price effective from Piece designation (barcode) Source of classification or shelving scheme Withdrawn status Koha date last seen Not for loan Damaged status Koha full call number Location (home branch) Koha item type
Central Library, BUET536_000000000000000_BRO_1964Circulation section1 2015-03-082015-03-0825891  2015-03-08  536/BRO/1964Central Library, BUETGeneral Book
Central Library, BUET536_000000000000000_BRO_1964Circulation section2 2015-03-082015-03-0835244  2015-03-08  536/BRO/1964Central Library, BUETGeneral Book
Central Library, BUET536_000000000000000_BRO_1964Circulation section3 2015-03-082015-03-0835206  2015-03-08  536/BRO/1964Central Library, BUETGeneral Book
Central Library, BUET536_000000000000000_BRO_1964Circulation section4 2015-03-092015-03-0935246  2015-03-09  536/BRO/1964Central Library, BUETGeneral Book
Central Library, BUET536_000000000000000_BRO_1964Circulation section5 2015-05-142015-05-1420982  2015-05-14  536/BRO/1964Central Library, BUETGeneral Book
Central Library, BUET536_000000000000000_BRO_1964Circulation section6 2015-07-252015-07-2535240  2015-07-25  536/ BRO/1964Central Library, BUETGeneral Book